|
|
|
|
| LEADER |
00000nam1a2200000 4500 |
| 001 |
272580 |
| 005 |
20231031225754.0 |
| 035 |
|
|
|a (RuTPU)RU\TPU\book\295787
|
| 090 |
|
|
|a 272580
|
| 100 |
|
|
|a 20141020d1987 k y0rusy50 ca
|
| 101 |
0 |
|
|a rus
|
| 102 |
|
|
|a RU
|
| 200 |
1 |
|
|a Изучение процессов формирования химического состава природных вод в условиях антропогенного воздействия
|e материалы XXVIII Всесоюзного гидрохимического совещания, май 1984 г.
|e в 2 ч.
|f Гидрохимический институт ; под ред. А. М. Никанорова
|
| 210 |
|
|
|a Ленинград
|c Гидрометеоиздат
|d 1987
|
| 702 |
|
1 |
|a Никаноров
|b А. М.
|4 340
|
| 712 |
0 |
2 |
|a Академия наук СССР (АН СССР)
|b Гидрохимический институт (ГХИ)
|c (Новочеркасск/Ростов-на-Дону)
|c (1920-1991)
|2 stltpush
|3 (RuTPU)RU\TPU\col\13492
|
| 801 |
|
1 |
|a RU
|b 63413507
|c 20141020
|
| 801 |
|
2 |
|a RU
|b 63413507
|c 20160111
|g RCR
|
| 942 |
|
|
|c BK
|